Tactics : the art and science of success
| Main Author: | |
|---|---|
| Format: | Book |
| Published: |
London:
Fontana,
1991.
|
| Subjects: |
| LEADER | 00430cam a2200157 7i4500 | ||
|---|---|---|---|
| 001 | 0000003149 | ||
| 005 | 19991025090000.0 | ||
| 002 | ##000004486 | ||
| 020 | 0 | 0 | |a 0-00-637072-1 |
| 090 | 0 | 0 | |a B 153.42 |b BON |
| 100 | 1 | 0 | |a Bono |
| 245 | 1 | 0 | |a Tactics : |b the art and science of success |c Edward de Bono. |
| 260 | 0 | 0 | |a London: |b Fontana, |c 1991. |
| 300 | 0 | 0 | |a 256 p.. |
| 650 | 0 | 0 | |a Tactics |
| 999 | |a 0000004502 |b Book |c Open shelf |e Business Information Centre | ||


